Ninho - Tout en Gucci (Paroles) - Statistiques

Statistiques générales
  • Ce quiz a été pris 61 fois
  • Le résultat moyen est 339 sur 500
Statistiques - réponses
Couplets Paroles % Correct
à
98%
a
98%
d'
98%
l'
96%
m'
96%
t'
96%
de
93%
le
93%
j'
91%
J'
91%
la
91%
un
91%
Un
91%
en
89%
En
89%
Refrain 1 : | Refrain 2 : Et
89%
et
89%
s'
89%
c'
85%
famille
85%
Gucci
85%
me
85%
Couplet 2 : Qu'
85%
qu'
85%
Intro : Comme
80%
comme
80%
mi
80%
on
80%
peu
80%
prix
80%
tout
80%
Tout
80%
demande
78%
gêné
78%
je
78%
quand
78%
habillerai
76%
ma
76%
miroir
74%
qui
74%
BG
72%
ils
72%
Ils
72%
par
72%
suis
72%
au
70%
ce
70%
Ce
70%
commence
70%
devant
70%
Devant
70%
nous
70%
sont
70%
est
67%
jaloux
67%
Jaloux
67%
trouve
67%
ai
65%
dans
65%
pour
65%
Couplet 1 : Y
65%
y
65%
ça
63%
plus
63%
si
63%
face
61%
pas
61%
jamais
59%
une
59%
"Bang
57%
bang"
57%
"bang
57%
les
57%
mais
57%
Mais
57%
même
57%
monter
57%
sons
57%
taulier
57%
anonymat
54%
endormirai
54%
être
54%
Faudra
54%
faudra
54%
Hilton
54%
réussir
54%
aura
52%
bons
52%
connaissent
52%
dire
52%
dois
52%
fais
52%
front
52%
Pété
52%
putain
52%
soldats
52%
toujours
52%
tu
52%
avec
50%
bien
50%
day
50%
every
50%
Lady
50%
ont
50%
passé
50%
tablier
50%
vraiment
50%
acheté
48%
billard
48%
billets
48%
borné
48%
boule
48%
carré
48%
était
48%
là-haut
48%
laissé
48%
nourrir
48%
personne
48%
pomme
48%
soirée
48%
trop
48%
appartement
46%
aussi
46%
Bédo
46%
bédo
46%
besoin
46%
compter
46%
eux
46%
Gaga
46%
grande
46%
mille
46%
péter
46%
réseau
46%
revenais
46%
sac
46%
stone
46%
têtu
46%
tétu
46%
veille
46%
vingt
46%
cinquante
43%
corazón
43%
couteau
43%
Léo
43%
Messi
43%
midi
43%
mourir
43%
noire
43%
pommier
43%
rue
43%
sur
43%
bodyguard
41%
Connu
41%
connu
41%
dépose
41%
distribue
41%
font
41%
nom
41%
remplacera
41%
Stones
41%
barrais
39%
Binks
39%
Eh
39%
Numéro
39%
peux
39%
planté
39%
Rolling
39%
black
37%
dix
37%
monde
37%
prochaine
37%
Tenu
37%
j'ai
35%
sans
35%
sera
35%
Toka
35%
vesqui
35%
dents
33%
Many
33%
sors
26%
coste-La
24%
flicaille
24%
l'ghetto
24%
Porte-Maillot
24%
baissé
22%
rrain-te
22%
G13
17%
tarots
15%
frappa
2%
Aucun quiz correspondant
Distribution des résultats
% des personnes avec chaque résultat
Percentile par nombre de réponses
Votre historique - résultats
Vous n’avez pas pris ce quiz